Mansmriti: (Record no. 206251)
[ view plain ]
| 000 -LEADER | |
|---|---|
| fixed length control field | 00595nam a22001817a 4500 |
| 005 - DATE AND TIME OF LATEST TRANSACTION | |
| control field | 20241010140417.0 |
| 010 ## - LCCN (DPL NO) | |
| LC control number | ENG-142028 |
| 020 ## - INTERNATIONAL STANDARD BOOK NUMBER | |
| International Standard Book Number | 9788122316803 |
| Terms of availability | 350.00 |
| 035 ## - SYSTEM CONTROL NUMBER | |
| System control number | EN-125560 |
| 037 ## - SOURCE OF ACQUISITION | |
| Source of stock number/acquisition | DBAD |
| 082 ## - DEWEY DECIMAL CLASSIFICATION NUMBER | |
| Classification number | 220.65 |
| Edition number | 1 |
| 100 ## - MAIN ENTRY--PERSONAL NAME | |
| Personal name | Sharma, Vinay Mohan |
| 245 ## - TITLE STATEMENT | |
| Title | Mansmriti: |
| Remainder of title | Manava-Dharmasastra/ |
| Statement of responsibility, etc | by Vinay Mohan Sharma |
| 260 ## - PUBLICATION, DISTRIBUTION, ETC. (IMPRINT) | |
| Place of publication, distribution, etc | New Delhi |
| Name of publisher, distributor, etc | Pustak Mahal |
| Date of publication, distribution, etc | 2024 |
| 270 ## - ADDRESS | |
| Address | J-3/16, Daryaganj |
| City | New Delhi |
| Postal code | 110002 |
| Telephone number | 011-23276539 |
| -- | 011-23272783 |
| -- | 011-23272784 |
| Electronic mail address | info@pustakmahal.com |
| 300 ## - PHYSICAL DESCRIPTION | |
| Extent | 240p. |
| Dimensions | 23cm(hbk.) |
| 942 ## - ADDED ENTRY ELEMENTS (KOHA) | |
| Source of classification or shelving scheme | Dewey Decimal Classification |
| Item type | English Books |
| Classification part | 230.65 |
| Call number suffix | SHA |
| Withdrawn status | Lost status | Not for loan | Collection code | Home library | Current library | Date acquired | Source of acquisition | Cost, normal purchase price | Full call number | Barcode | Copy number | Cost, replacement price | Koha item type |
|---|---|---|---|---|---|---|---|---|---|---|---|---|---|
| Non-fiction | Bawana | Bawana | 10/10/2024 | Delivery of Books Act Division | 350.00 | 230.65 SHA | EN-125560 | 1 | 350.00 | English Books |
